LIBRARY & INFORMATION CENTRE, KCAET, TAVANUR

ONLINE PUBLIC ACCESS CATALOGUE (OPAC)

Estimation of crop water requirement and irrigation scheduling of KCEAT instructional farm using cropwat model (Record no. 15164)

MARC details
000 -LEADER
fixed length control field 00816nam a22001937a 4500
003 - CONTROL NUMBER IDENTIFIER
control field OSt
088 ## - REPORT NUMBER
Report number P 268
100 ## - MAIN ENTRY--AUTHOR NAME
Personal name MEGHA P
245 ## - TITLE STATEMENT
Title Estimation of crop water requirement and irrigation scheduling of KCEAT instructional farm using cropwat model
260 ## - PUBLICATION, DISTRIBUTION, ETC. (IMPRINT)
Place of publication Tavanur 2013
Name of publisher Department of Irrigation & Drainage Engineering
300 ## - PHYSICAL DESCRIPTION
Number of Pages 125
500 ## - GENERAL NOTE
General note Estimation of crop water requirement and irrigation scheduling of KCEAT instructional farm using cropwat model
520 ## - SUMMARY, ETC.
Summary, etc Estimation of crop water requirement and irrigation scheduling of KCEAT instructional farm using cropwat model
700 ## - ADDED ENTRY--PERSONAL NAME
Personal name Sabeena Shahul
700 ## - ADDED ENTRY--PERSONAL NAME
Personal name Dr. Rema K. P (Guide)
856 ## - ELECTRONIC LOCATION AND ACCESS
Uniform Resource Identifier https://drive.google.com/open?id=1G0W9VLn_pVIxnJ1M4srd77OoGYVpjaJj
942 ## - ADDED ENTRY ELEMENTS (KOHA)
Koha item type Project Report
Holdings
Collection code Home library Current library Shelving location Full call number Accession Number Koha item type
Reference KAUAET KAUAET Reference 631.587 MEG/ES P 268 Project Report
free website counter